00931nam a22002537a 4500003000500000005001700005008004100022010001000063011001000073035001000083040000900093082001200102100003000114245002800144260003700172300002900209490004400238505025600282650001200538650002900550650002900579650002500608830004400633CHAP20220329140955.0971013s1984 r 00010 d a60750 a61722 a65890 cCHAP a516bF500aFlores García, Conrado. aGeometría analítica aMéxico, D.F. :bTrillas,c1984 a8 v.b: ilus. ; gráfs. aMódulos de matemáticas. Bloquev; 6 aContenido : v.1- introducción a la geometría analítica v.2- La recta v.3- La circunferencia v.4- La elipse v.5- La hipérbola v.6- La parábola v.7- Las cónicas y la ecuación general de segundo grado v.8- Relaciones y lugares geométricos14aElipse.14aGeometría analítica.14aParábola (geometría)14aSecciones cónicas.0 aMódulos de matemáticas. Bloquev; 6